Inland waterway transport as an efficient tool for trade promotion
Význam vnútrozemskej riečnej dopravy. Znalostná ekonomika a vnútrozemská riečna doprava. Podpora obchodu. Vnútrozemská riečna doprava ako efektívny nástroj podpory obchodu. Konkrétne prípady - jednotlivé krajiny, jednotlivé rieky v Európe a vo svete. Slovensko a riečna doprava po Dunaji.
Salvato in:
| Autore principale: | |
|---|---|
| Altri autori: | |
| Natura: | Capitolo di libro |
| Lingua: | inglese |
| Soggetti: | |
| Tags: |
Nessun Tag, puoi essere il primo ad aggiungerne!!
|
MARC
| LEADER | 00000naa$a2200000$$$4500 | ||
|---|---|---|---|
| 001 | 0050103 | ||
| 005 | 20240502071557.8 | ||
| 041 | 0 | |a eng | |
| 044 | |a SK | ||
| 245 | 1 | 0 | |a Inland waterway transport as an efficient tool for trade promotion |c Ho Thi Thu Hoa, Heda Hansenová |
| 520 | |a Význam vnútrozemskej riečnej dopravy. Znalostná ekonomika a vnútrozemská riečna doprava. Podpora obchodu. Vnútrozemská riečna doprava ako efektívny nástroj podpory obchodu. Konkrétne prípady - jednotlivé krajiny, jednotlivé rieky v Európe a vo svete. Slovensko a riečna doprava po Dunaji. | ||
| 610 | 2 | 0 | |a doprava riečna |
| 610 | 2 | 0 | |a doprava vodná vnútroštátna |
| 610 | 2 | 0 | |a obchod |
| 610 | 2 | 0 | |a globalizácia |
| 610 | 2 | 0 | |a ekonomika vedomostná |
| 610 | 2 | 0 | |a rieky |
| 610 | 2 | 0 | |a rieky medzinárodné |
| 610 | 2 | 0 | |a svet |
| 100 | 1 | |a Ho Thi Thu Hoa | |
| 700 | 1 | |a Hansenová, Heda | |